| Tag |
First Indicator |
Second Indicator |
Subfields |
| LEADER |
00000cam a2200000 a 4500 |
| 001 |
in00002052214 |
| 005 |
20151101064103.0 |
| 008 |
910916s1988 waua b 001 0ceng |
| 010 |
|
|
|a 91195694
|
| 020 |
|
|
|a 087498002X
|
| 035 |
|
|
|a (OCoLC)ocm19279572
|
| 040 |
|
|
|a DLC
|c DLC
|d OCL
|d TXA
|d UtOrBLW
|
| 049 |
|
|
|a TXAM
|
| 050 |
0 |
0 |
|a CT105
|b .F54 1988
|
| 082 |
0 |
0 |
|a 920/.009296
|a B
|2 20
|
| 100 |
1 |
|
|a Fleming, Beatrice J.
|q (Beatrice Jackson),
|d 1902-
|
| 245 |
1 |
0 |
|a Distinguished Negroes abroad /
|c Beatrice J. Fleming and Marion J. Pryde ; with illustrations by Lois M. Jones.
|
| 250 |
|
|
|a 2nd ed., rev. and enl.
|
| 264 |
|
1 |
|a Washington, D.C. :
|b Associated Publishers,
|c [1988]
|
| 264 |
|
4 |
|c ©1988
|
| 300 |
|
|
|a x, 390 pages :
|b illustrations ;
|c 21 cm.
|
| 336 |
|
|
|a text
|b txt
|2 rdacontent
|
| 337 |
|
|
|a unmediated
|b n
|2 rdamedia
|
| 338 |
|
|
|a volume
|b nc
|2 rdacarrier
|
| 504 |
|
|
|a Includes bibliographical references (pages [381]-388) and index.
|
| 650 |
|
0 |
|a Blacks
|v Biography.
|
| 700 |
1 |
|
|a Pryde, Marion J.
|
| 994 |
|
|
|a C0
|b TXA
|
| 948 |
|
|
|a cataloged
|b h
|c 2005/5/9
|d c
|e tmweaver
|f 4:47:10 pm
|
| 999 |
|
|
|a MARS
|
| 999 |
f |
f |
|s 63afc061-b8a3-31a8-8b1c-85ae65a18cb8
|i 2a518299-5e92-3d6a-a2bc-3e921ffaab0b
|t 0
|
| 952 |
f |
f |
|p noncirc
|a Texas A&M University
|b College Station
|c Cushing Memorial Library & Archives
|d Cushing: Area Studies/Africana (Does not check out)
|t 0
|e CT105 .F54 1988
|h Library of Congress classification
|i unmediated -- volume
|m A14852115881
|
| 998 |
f |
f |
|a CT105 .F54 1988
|t 0
|l Cushing: Area Studies/Africana (Does not check out)
|